| 000 | 00357nam a22001577a 4500 | ||
|---|---|---|---|
| 003 | OSt | ||
| 005 | 20250301102334.0 | ||
| 007 | 668 pages | ||
| 008 | 250301b |||||||| |||| 00| 0 eng d | ||
| 020 | _a9789356295698 | ||
| 040 | _c | ||
| 082 |
_a338.092 _bMAT |
||
| 245 |
_aRatan Tata A Life _cMathew,Thomas |
||
| 260 |
_bHarper _c2024 |
||
| 942 |
_2ddc _cBK _n0 |
||
| 999 |
_c36192 _d36192 |
||